Online
Catalog

Anniversary of = Anniversary of pain : (Record no. 58640)

MARC details
000 -CABECERA
campo de control de longitud fija 02544nam a2200349 i 4500
003 - IDENTIFICADOR DEL NÚMERO DE CONTROL
campo de control DO-SdBNP
005 - FECHA Y HORA DE LA ÚLTIMA TRANSACCIÓN
campo de control 20250613141218.0
007 - CAMPO FIJO DE DESCRIPCIÓN FÍSICA--INFORMACIÓN GENERAL
campo de control de longitud fija ta
008 - DATOS DE LONGITUD FIJA--INFORMACIÓN GENERAL
campo de control de longitud fija 250613b2024 dr ||||| |||| 00| 0 spa d
020 ## - NÚMERO INTERNACIONAL ESTÁNDAR DEL LIBRO
Número Internacional Estándar del Libro 9789945947854
040 ## - FUENTE DE LA CATALOGACIÓN
Centro catalogador/agencia de origen DO-SdBNP
Lengua de catalogación spa
Centro/agencia transcriptor BNPHU
Normas de descripción rda
041 ## - CÓDIGO DE LENGUA
Código de lengua del texto/banda sonora o título independiente spa
-- eng
082 #4 - NÚMERO DE LA CLASIFICACIÓN DECIMAL DEWEY
Número de clasificación xxx
Número de documento/Ítem M878a 2024
Número de edición 22
100 1# - ENTRADA PRINCIPAL--NOMBRE DE PERSONA
Nombre de persona Morrison, Mateo,
Fechas asociadas al nombre 1947-
Término indicativo de función/relación autor
Código de función/relación aut.
9 (RLIN) 1469
245 10 - MENCIÓN DE TÍTULO
Título Anniversary of = Anniversary of pain :
Resto del título selection of poems = Aniversario del dolor : selección de poemas /
Mención de responsabilidad, etc. Mateo Morrison ; traducción por Mariela Shaw ; diseño de portada y diagramación ; Carmen Fortunato ; edición y corrección, Rafael J. Rodríguez Pérez ; prólogo, Rosemary Mealy.
246 13 - FORMA VARIANTE DE TÍTULO
Título propio/Titulo breve Anniversary of pain
250 ## - MENCIÓN DE EDICIÓN
Mención de edición Segunda edición
264 #4 - PRODUCCIÓN, PUBLICACIÓN, DISTRIBUCIÓN, FABRICACIÓN Y COPYRIGHT
Producción, publicación, distribución, fabricación y copyright Santo Domingo, República Dominicana :
Nombre del de productor, editor, distribuidor, fabricante Rio de Oro Editores,
-- Grupo Cultural Orientación,
Fecha de producción, publicación, distribución, fabricación o copyright ©2024.
300 ## - DESCRIPCIÓN FÍSICA
Extensión 75 páginas :
Dimensiones 22 cm.
336 ## - TIPO DE CONTENIDO
Término de tipo de contenido texto
Código de tipo de contenido txt
Fuente rdacontent
337 ## - TIPO DE MEDIO
Nombre/término del tipo de medio sin mediación
Código del tipo de medio n
Fuente rdamedia
338 ## - TIPO DE SOPORTE
Nombre/término del tipo de soporte volumen
Código del tipo de soporte nc
Fuente rdacarrier
490 0# - MENCIÓN DE SERIE
Mención de serie Colección Cierva Blanca
505 ## - NOTA DE CONTENIDO CON FORMATO
Nota de contenido con formato Foreword, 8.-- Prólogo, 14.-- Anniversary of pain, 20.-- Aniversario del dolor, 21.-- The land (earth rebels), 22.-- La tierra rebelada, 23.-- Hope-a mother, 24.-- Madre-la esperanza, 25.-- The city-after the war, 26.-- La ciudad post-guerra, 27.-- Identification, 28.-- Identificación, 29.-- Not only men, 30.-- No solo hombres, 31.-- These children, 32.-- Estos niños, 33.-- Song before hate, 34.-- Canción antes del odio, 35.-- Elegy or parable?, 36.-- ¿Elegía o parábola?, 37.-- In the beginning, 38.-- En principio, 39.-- Odes to Nelson Alejandro, 40.-- Odas a Nelson Alejandro, 41.-- Ode to welcoming a child of the people, 42.-- Odas para recibir a un niño del pueblo, 43.-- Second ode, 44.-- Segunda oda, 45.-- Nelson and the four elements, 46.-- Nelson y los cuatro elementos, 47.-- I intend to overthrow the sea, 48.-- Intento destronar el mar, 49.-- Poem of undeserved pain, 50.-- Poema del dolor no merecido, 51.-- Poems of the darkest time, 52.-- Poemas de los tiempos sombríos, 53.-- Biographical summary of Mateo Morrison, 54.-- Síntesis de la biografía de Mateo Morrison, 64.-- Mariela Shaw, 74.
590 ## - NOTA LOCAL (RLIN)
Nota local Inventariado, 2025 /LP
700 1# - PUNTO DE ACCESO ADICIONAL--NOMBRE DE PERSONA
Nombre de persona Shaw, Mariela,
Término indicativo de función/relación traductor
Código de función/relación tr.
9 (RLIN) 54884
700 1# - PUNTO DE ACCESO ADICIONAL--NOMBRE DE PERSONA
Nombre de persona Carmen Fortunato,
Término indicativo de función/relación diseño
Código de función/relación di
9 (RLIN) 88107
700 1# - PUNTO DE ACCESO ADICIONAL--NOMBRE DE PERSONA
Nombre de persona Rodríguez Pérez, Rafael J.
Término indicativo de función/relación editor y corrector
Código de función/relación ed.
-- corr.
9 (RLIN) 43373
700 1# - PUNTO DE ACCESO ADICIONAL--NOMBRE DE PERSONA
Nombre de persona Mealy, Rosemary,
Término indicativo de función/relación prologuista
Código de función/relación pr.
9 (RLIN) 88108
910 ## - DATOS DE OPCIÓN DEL USUARIO (OCLC)
Datos de opción del usuario LP
942 ## - ELEMENTOS DE PUNTO DE ACCESO ADICIONAL (KOHA)
Fuente del sistema de clasificación o colocación Dewey Decimal Classification
Tipo de ítem Koha Libro
Holdings
Estado de retiro Estado de pérdida Fuente del sistema de clasificación o colocación Restricciones de uso No para préstamo Código de colección Localización permanente Ubicación/localización actual Ubicación en estantería Fecha de adquisición Fuente de adquisición Total de préstamos Signatura topográfica completa Código de barras Fecha visto por última vez Precio válido a partir de Tipo de ítem Koha Número de copia
    Dewey Decimal Classification Excluido de préstamo   Patrimonio Dominicano Biblioteca Nacional Pedro Henríquez Ureña Biblioteca Nacional Pedro Henríquez Ureña En catalogación 05.02.2025 Depósito Legal   xxx M878a 2024 2025-2785 07.04.2025 07.04.2025 Libro  
    Dewey Decimal Classification Excluido de préstamo   Patrimonio Dominicano Biblioteca Nacional Pedro Henríquez Ureña Biblioteca Nacional Pedro Henríquez Ureña En catalogación 05.02.2025 Depósito Legal   xxx M878a 2024 2025-2786 07.04.2025 07.04.2025 Libro e.2

Powered by Koha